Технология разработки автоматизированного рабочего места социолога и психолога в вузе; Оценка и управление качеством подготовки специалистов как фактор интенсификации учебного процесса; Вып. 1

Détails bibliographiques
Parent link:Оценка и управление качеством подготовки специалистов как фактор интенсификации учебного процесса: тезисы докладов Республиканской научно-методической конференции по вопросам оценки и управления качеством подготовки специалистов, Томск, 1988 г./ Томский политехнический институт (ТПИ) ; под ред. И. П. Чучалина.— , 1988-
Вып. 1.— 1988.— С. 75
Auteur principal: Агранович Б. Л. Борис Львович
Autres auteurs: Афиногенов А. Ф., Созоров Н. Г. Николай Георгиевич
Langue:russe
Publié: 1988
Sujets:
Format: MixedMaterials Chapitre de livre
KOHA link:https://koha.lib.tpu.ru/cgi-bin/koha/opac-detail.pl?biblionumber=235680

MARC

LEADER 00000naa2a2200000 4500
001 235680
005 20231031204311.0
035 |a (RuTPU)RU\TPU\book\256820 
035 |a RU\TPU\book\256808 
090 |a 235680 
100 |a 20130415d1988 k y0rusy50 ca 
101 0 |a rus 
102 |a RU 
200 1 |a Технология разработки автоматизированного рабочего места социолога и психолога в вузе  |f Б. Л. Агранович, А. Ф. Афиногенов, Н. Г. Созоров 
461 1 |0 (RuTPU)RU\TPU\book\256778  |t Оценка и управление качеством подготовки специалистов как фактор интенсификации учебного процесса  |o тезисы докладов Республиканской научно-методической конференции по вопросам оценки и управления качеством подготовки специалистов, Томск, 1988 г.  |f Томский политехнический институт (ТПИ) ; под ред. И. П. Чучалина  |d 1988- 
463 1 |0 (RuTPU)RU\TPU\book\256228  |t Вып. 1  |v С. 75  |d 1988  |p 81 с. 
610 1 |a труды учёных ТПУ 
700 1 |a Агранович  |b Б. Л.  |c специалист в области радиотехники  |c профессор Томского политехнического университета, кандидат технических наук  |f 1938-  |g Борис Львович  |2 stltpush  |3 (RuTPU)RU\TPU\pers\22706 
701 1 |a Афиногенов  |b А. Ф. 
701 1 |a Созоров  |b Н. Г.  |c российский специалист в области информатизации образования  |c заведующий лабораторией Томского политехнического университета  |g Николай Георгиевич  |2 stltpush  |3 (RuTPU)RU\TPU\pers\26864 
801 1 |a RU  |b 63413507  |c 20130415 
801 2 |a RU  |b 63413507  |c 20220209  |g RCR 
942 |c BK